[Event "Luxembourg-ch"]
[Site "Luxembourg"]
[Date "1999.04.03"]
[Round "1"]
[White "Agovic, Esad"]
[Black "Wolff, Serge"]
[Result "0-1"]
[WhiteElo "1681"]
[BlackElo "2042"]
[PlyCount "91"]
[EventDate "1999.04.03"]
[EventType "swiss"]
[EventRounds "9"]
[EventCountry "LUX"]
[SourceTitle "EXT 2005"]
[Source "ChessBase"]
[SourceDate "2004.11.15"]
[SourceVersion "1"]
[SourceVersionDate "2004.11.15"]
[SourceQuality "1"]

1. d4 e5 2. dxe5 Nc6 3. Nf3 Qe7 4. Bg5 Qb4+ 5. Nbd2 Qxb2 6. g3 Nb4 7. Rc1 Nxa2 8. Rb1 Qa3 9. Ra1 Qb2 10. Bg2 Nc3 11. Qc1 Qxc1+ 12. Rxc1 Ba3 13. Nc4 Bxc1 14. Bxc1 b5 15. Nd4 Rb8 16. Na5 Ne7 17. 0-0 c5 18. Ndb3 Nxe2+ 19. Kh1 c4 20. Nc5 Rb6 21. Be3 Nf5 22. Be4 Nxe3 23. fxe3 Nc3 24. Bg2 h5 25. h4 Rhh6 26. Rf2 f6 27. Rf5 d6 28. e6 dxc5 29. Rxc5 Bxe6 30. Rc7 Ra6 31. Nc6 Nd5 32. Rxa7 Rxa7 33. Nxa7 b4 34. Nb5 Nxe3 35. Nc7+ Ke7 36. Na6 Nxc2 37. Be4 b3 38. Nc5 f5 39. Bd3 cxd3 40. Nxd3 Bd5+ 41. Kh2 Re6 42. Nf4 Ba8 43. Nxh5 Re1 44. g4 b2 45. Nxg7 f4 46. Nf5+ 0-1

[Event "LUX-chABC"]
[Site "Dudelange"]
[Date "1998.04.17"]
[Round "7.27"]
[White "Hansen, Herve"]
[Black "Agovic, Esad"]
[Result "1-0"]
[WhiteElo "1645"]
[BlackElo "1615"]
[PlyCount "89"]
[EventDate "1998.04.11"]
[EventType "swiss"]
[EventRounds "9"]
[EventCountry "LUX"]
[SourceTitle "EXT 2013"]
[Source "ChessBase"]
[SourceDate "2012.11.22"]
[SourceVersion "1"]
[SourceVersionDate "2012.11.22"]
[SourceQuality "1"]

1. e4 e5 2. Nf3 Nc6 3. d4 exd4 4. Bc4 d6 5. Nxd4 Nxd4 6. Qxd4 Qe7 7. Nc3 c6 8. 0-0 Nf6 9. Bg5 h6 10. Bh4 Qd8 11. Rad1 Be7 12. e5 Bg4 13. exf6 Bxf6 14. Bxf6 Qxf6 15. Qxg4 0-0 16. Qd4 Qxd4 17. Rxd4 d5 18. Bd3 a6 19. Re1 Rad8 20. Re7 Rb8 21. Rf4 a5 22. Be2 g6 23. Bf3 Rbe8 24. Rxe8 Rxe8 25. Kf1 Kg7 26. Nxd5 cxd5 27. Bxd5 Re7 28. c4 b6 29. a3 g5 30. Re4 Rc7 31. b4 Rd7 32. bxa5 bxa5 33. Re1 f5 34. Bf3 Rd3 35. Rc1 Rxa3 36. c5 Rd3 37. c6 Rd8 38. c7 Rc8 39. Bb7 Rf8 40. c8Q a4 41. Rc7+ Rf7 42. Rxf7+ Kxf7 43. Qc4+ Kf6 44. Qxa4 h5 45. Qe8 1-0

[Event "LUX-chABC"]
[Site "Dudelange"]
[Date "1998.04.12"]
[Round "2.35"]
[White "Agovic, Esad"]
[Black "Birtz, Claude"]
[Result "1/2-1/2"]
[WhiteElo "1615"]
[BlackElo "1620"]
[PlyCount "55"]
[EventDate "1998.04.11"]
[EventType "swiss"]
[EventRounds "9"]
[EventCountry "LUX"]
[SourceTitle "EXT 2013"]
[Source "ChessBase"]
[SourceDate "2012.11.22"]
[SourceVersion "1"]
[SourceVersionDate "2012.11.22"]
[SourceQuality "1"]

1. d4 f5 2. Nc3 e6 3. a3 Nf6 4. h4 b6 5. Nf3 Bb7 6. Bf4 d6 7. Qd2 Nc6 8. Ng5 Qd7 9. Nf3 g6 10. Bg5 Bg7 11. 0-0-0 Ng4 12. e3 h6 13. Bf4 0-0-0 14. d5 exd5 15. Nxd5 Na5 16. Bg3 Qf7 17. Nc3 Nc4 18. Qd3 Nce5 19. Nxe5 Bxe5 20. Bxe5 dxe5 21. Qe2 Rxd1+ 22. Kxd1 Qd7+ 23. Kc1 Rd8 24. f3 Nf6 25. Rg1 Nd5 26. Nxd5 Qxd5 27. Kb1 Qd1+ 28. Ka2 1/2-1/2